000
00307nam a2200109Ia 4500
008
180116s9999 xx 000 0 und d
020
_a
9780323239110
100
_a
Primrose, Pamela B.
245
_c
Pamela B. Primrose
_a
Complete Phlebotomy Exam Review /
260
_b
Elsevier Inc
_c
2016
300
_a
281 pages
999
_c
353221
_d
353221